| 000 | 00986nam a2200241 a 4500 | ||
|---|---|---|---|
| 001 | 54376 | ||
| 003 | BD-RjUL | ||
| 005 | 20211209080118.0 | ||
| 008 | 161106s1962 ii ||||| |||| 001 f ben d | ||
| 020 | _c: Tk. 8.50 | ||
| 035 | _a(BD-RjUL)54498 | ||
| 040 |
_aBD-RjUL _bben _cBD-RjUL |
||
| 041 | _aben | ||
| 082 |
_223 _a891.44309 _bDAB 1962 |
||
| 100 |
_aদত্ত, বিজিতকুমার _9126238 |
||
| 245 | 1 | 0 |
_aবাংলাসাহিত্যে ঐতিহাসিক উপন্যাস / _cবিজিতকুমার দত্ত |
| 260 |
_aকলিকাতা : _bমিত্র ও ঘোষ, _c১৯৬২ [১৩৬৯] |
||
| 300 |
_a[৮], ৩৮৬ পৃ. ; _c২৩ সেমি. |
||
| 500 | _aনির্ঘণ্ট সংযুক্ত | ||
| 650 |
_aবাংলা উপন্যাস _xইতিহাস ও সমালোচনা _9120092 |
||
| 650 |
_aBengali Fiction _xHistory and Criticism _9118845 |
||
| 942 |
_2ddc _cBK _01 |
||
| 999 |
_c54376 _d54376 |
||